| Tag |
First Indicator |
Second Indicator |
Subfields |
| LEADER |
00000cam a2200000Ia 4500 |
| 001 |
in00002118978 |
| 005 |
20151103055648.0 |
| 008 |
050715s2006 cauaf f 001 0 eng d |
| 015 |
|
|
|a GBA560513
|2 bnb
|
| 016 |
7 |
|
|a 013255593
|2 Uk
|
| 020 |
|
|
|a 0321322029 (pbk.)
|
| 035 |
|
|
|a (OCoLC)ocm61129210
|
| 040 |
|
|
|a UKM
|c UKM
|d BAKER
|d TXH
|d OCLCQ
|d TXA
|d UtOrBLW
|
| 049 |
|
|
|a TXAM
|
| 050 |
|
4 |
|a Z253.532.A34
|b K8862 2006
|
| 082 |
0 |
4 |
|a 686.225445369
|2 22
|
| 100 |
1 |
|
|a Kvern, Olav Martin.
|
| 245 |
1 |
0 |
|a Real world Adobe InDesign CS2 /
|c by Olav Martin Kvern & David Blatner.
|
| 246 |
3 |
0 |
|a Adobe InDesign CS2
|
| 246 |
3 |
0 |
|a InDesign CS2
|
| 264 |
|
1 |
|a Berkeley, Calif. :
|b Peachpit Press ;
|a [San Jose, Calif.?] :
|b Published in association with Adobe Press,
|c [2006]
|
| 264 |
|
4 |
|c ©2006
|
| 300 |
|
|
|a xii, 867 pages, 8 pages of plates :
|b illustrations (some color) ;
|c 23 cm.
|
| 336 |
|
|
|a text
|b txt
|2 rdacontent
|
| 337 |
|
|
|a unmediated
|b n
|2 rdamedia
|
| 338 |
|
|
|a volume
|b nc
|2 rdacarrier
|
| 500 |
|
|
|a "Industrial-strength page-layout techniques"--Cover.
|
| 500 |
|
|
|a Includes index.
|
| 630 |
0 |
0 |
|a Adobe InDesign (Electronic resource)
|
| 650 |
|
0 |
|a Desktop publishing.
|
| 700 |
1 |
|
|a Blatner, David.
|
| 948 |
|
|
|a cataloged
|b h
|c 2006/3/31
|d c
|e mphillip
|f 4:08:54 pm
|
| 994 |
|
|
|a C0
|b TXA
|
| 999 |
|
|
|a MARS
|
| 999 |
f |
f |
|s 21dd1847-4083-3be3-ab66-f977ea6ecc99
|i 8a89d848-0982-391d-a868-d0825c9b008b
|t 0
|
| 952 |
f |
f |
|p ric
|a Texas A&M University
|b Rellis Campus
|c Joint Library Facility
|d Remote Storage
|t 0
|e Z253.532.A34 K8862 2006
|h Library of Congress classification
|i unmediated -- volume
|m A14832754959
|
| 998 |
f |
f |
|a Z253.532.A34 K8862 2006
|t 0
|l Remote Storage
|